[Event "XXXI Torre Memorial 2019"]
[Site "Merida"]
[Date "2019.12.17"]
[Round "8.11"]
[White "Perez Leiva, Jerzy Jesus"]
[Black "Hevia Alejano, Carlos Antonio"]
[Result "1/2-1/2"]
[WhiteElo "2373"]
[BlackElo "2465"]
[Annotator "TA"]
[PlyCount "201"]
[EventDate "2019.12.13"]
[EventType "swiss"]
[EventCountry "MEX"]
[SourceTitle "playchess.com"]
[Source "ChessBase"]
[SourceQuality "1"]

{[%evp 16,201,27,37,13,14,37,16,45,39,43,29,27,28,39,40,29,28,33,28,50,46,44,48,45,0,34,0,7,0,0,0,0,0,0,0,0,-29,0,-25,0,-113,-105,-141,-133,-150,-154,-212,-182,-492,-454,-559,-560,-742,-719,-669,-601,-588,-577,-508,-514,-439,-338,-260,-108,-87,-54,-58,-53,-96,-10,-9,0,-110,-70,-169,-20,-20,-20,-36,-39,-242,-242,-242,-242,-242,-227,-431,-320,-8163,-6663,-29972,-29973,-29973,-29974,-29974,-29974,-29979,-22,-22,-22,-22,-22,-22,-22,-22,-22,-22,-22,-22,-14,-14,-14,-14,-6,-6,0,0,0,-14,-14,-20,-20,-20,-20,-22,-22,-22,-22,-22,-22,-22,-22,-22,-22,-22,-22,-22,-22,-22,-22,-22,0,-22,0,-22,0,0,0,0,0,0,0,0,0,0,0,0,0,0,0,0,0,0,0,0,0,0,0,0,0,0,0,0,0,0,0,0,0,0,0,0,0,0,0,0,0,-8]} 1. e4 e6 2. d4 d5 3. e5 c5 4. c3 Nc6 5. Nf3 Nge7 6. Na3 cxd4 7. cxd4 Nf5 8. Nc2 Be7 9. Bd3 Bd7 {C02: French: Advance Variation} 10. a3 (10. O-O h5 11. b4 a6 12. Rb1 b5 13. Be3 Na7 14. Nd2 Nc8 15. Nb3 Nb6 16. Nc5 Nc4 17. Bc1 {1-0 (100) Henriquez Villagra,C (2543)-Roselli Mailhe,B (2454) Montevideo 2019}) 10... Qb6 $146 {[%cal Rc6d4]} ({Predecessor:} 10... O-O 11. b4 a6 12. Be3 Na7 13. O-O Bb5 14. a4 Bxd3 15. Qxd3 Qd7 16. Bg5 Nc6 17. Bxe7 Qxe7 {1-0 (40) Kemeny,M (2098)-Meyer,C Kiel 2001}) 11. O-O a5 (11... Nfxd4 $6 12. Nfxd4 Nxe5 13. Re1 $16) 12. Rb1 a4 ({Of course not} 12... Nfxd4 $6 13. Nfxd4 Nxe5 14. Bf4 $16) 13. Bxf5 exf5 14. Bg5 O-O 15. Bxe7 Nxe7 16. Qd2 Rfc8 17. Rfc1 Bb5 18. Nb4 h6 19. Rxc8+ Rxc8 20. Rc1 Bc4 21. Qd1 Ra8 (21... Nc6 $5 {[%cal Rc6b4]}) 22. Qc2 g5 23. Qd2 Ng6 24. h4 Nf4 $1 {[%cal Rf4e2]} 25. Rxc4 ({Reject} 25. hxg5 Ne2+ 26. Kh1 Nxc1 $15) 25... dxc4 26. d5 (26. g3 $5 {[%cal Rg3f4]} Nh3+ 27. Kg2 $15) 26... Qg6 27. d6 Qe6 28. Nc2 (28. hxg5 $11 {remains equal.} hxg5 29. g3 Nh3+ 30. Kh2) 28... Qd5 $1 $17 29. hxg5 hxg5 30. Qxd5 Nxd5 31. Nxg5 {[%mdl 4096] Endgame KRN-KNN} (31. Ncd4 $17) 31... f6 $19 32. Ne6 $2 (32. Nf3 {is a better chance.} fxe5 33. Nxe5) 32... Kf7 33. Nc5 fxe5 34. Nxb7 {intending d7.} Ke6 35. f4 Ra7 36. Nd8+ Kxd6 37. fxe5+ Kd7 38. Nd4 Ra8 39. Nb7 f4 (39... Rc8 $19 {is more deadly. aiming for ...c3.} 40. Nd6 c3 41. bxc3 Rxc3) 40. Nc5+ $17 Kc7 41. Kf2 Re8 42. Nce6+ Kd7 ({Black should try} 42... Kb6 $17 43. Kf3 c3 44. bxc3 Nxc3 45. Kxf4 Nb1) 43. Nc5+ $11 Kc7 (43... Kc8 $11) 44. Nce6+ $17 Kb6 {...c3 is the strong threat.} 45. Kf3 Nc7 ({Better is} 45... c3 $1 $19 {[%cal Rc3b2]} 46. bxc3 Nxc3 47. Kxf4 Nb1) 46. Nxc7 $11 Kxc7 47. Kxf4 {KR-KN} Rb8 48. Ne6+ $2 (48. Ne2 $15) 48... Kc6 $19 49. Ke4 Rxb2 {White must now prevent ...Rd2.} 50. Kd4 Rc2 ({Less strong is} 50... Rxg2 51. Kxc4 Rc2+ 52. Kb4 $15) 51. Nc5 $2 (51. g4 {might work better.}) 51... Rd2+ $1 52. Kc3 $2 (52. Ke3 Rd5 53. Nxa4) 52... Rxg2 53. Nxa4 {[#]} Kb5 $1 54. Nb2 Rg3+ 55. Kd4 c3 56. a4+ Kc6 $2 (56... Kb4 {mates} 57. Nd3+ {[#]} Rxd3+ $1 {[%mdl 576] Promotion} 58. Kxd3 Kb3 59. a5 c2 60. Kd2 Kb2 61. Ke3 c1=Q+ 62. Ke4 Qe1+ 63. Kf5 Kc3 64. e6 Kd4 65. Kf6 Kd5 66. e7 Qe5+ 67. Kf7 Qe6+ 68. Ke8 Kd6 69. Kf8 Qxe7+ 70. Kg8 Ke6 71. Kh8 Kf7 72. Kh7 Qh4#) 57. Nd3 $11 {The position is equal.} Rg4+ 58. Kxc3 Rxa4 59. Kb3 Re4 (59... Rh4 {is interesting.} 60. Kc2 Kd5 61. Kd2 Re4 62. Kc3 Rg4) 60. Kc3 Kd5 61. e6 Kd6 62. e7 Rxe7 63. Kd4 Rh7 64. Ke4 $1 Rh8 65. Nf4 Ra8 66. Kf5 Ra5+ 67. Ke4 Re5+ 68. Kd4 Re1 69. Nd3 Ra1 70. Kc4 Rh1 71. Kd4 Rh4+ 72. Ke3 Ra4 73. Nf4 Ke5 {( -> ...Re4+)} 74. Nd3+ Kf5 75. Nc5 Rc4 76. Nd3 Ke6 77. Nf4+ Kd6 78. Nd3 Ra4 79. Nb2 Rh4 80. Nd3 Kd5 81. Nf4+ Kc4 82. Ke4 Rh1 83. Ng2 Rh8 84. Ne3+ Kc3 85. Nd5+ Kd2 86. Kd4 Rh4+ 87. Ke5 Kd3 88. Nf4+ Kc4 89. Ke4 Rh8 90. Ng6 Rh1 91. Ne5+ Kc3 92. Kd5 Rh4 93. Ke6 Rd4 94. Kf5 Ra4 95. Nf3 Kd3 96. Ne5+ Ke3 97. Ng4+ Kd4 98. Kf4 Ra8 99. Kf5 Ra1 100. Nf6 Re1 101. Ng4 {Accuracy: White = 60%, Black = 55%.} 1/2-1/2

[Event "XXXI Torre Memorial 2019"]
[Site "Merida"]
[Date "2019.12.17"]
[Round "8.12"]
[White "Drazic, Sinisa"]
[Black "Berdayes Ason, Dylan Isidro"]
[Result "0-1"]
[WhiteElo "2371"]
[BlackElo "2448"]
[Annotator "TA"]
[PlyCount "114"]
[EventDate "2019.12.13"]
[EventType "swiss"]
[EventCountry "MEX"]
[SourceTitle "playchess.com"]
[Source "ChessBase"]
[SourceQuality "1"]

{[%evp 12,114,-29,-36,-2,-13,-4,-60,-74,-81,-71,-92,-68,-69,-61,-89,-86,-168,-180,-163,-180,-174,-152,-155,-103,-201,-193,-375,-170,-164,-160,-163,-161,-157,-162,-193,-190,-247,-233,-255,-248,-243,-231,-231,-231,-229,-215,-250,-244,-300,-295,-299,-273,-367,-284,-315,-315,-319,-271,-376,-370,-408,-407,-364,-351,-479,-479,-478,-446,-340,-372,-1039,-935,-935,-935,-928,-920,-1041,-895,-1002,-1035,-1004,-849,-1028,0,-793,0,-1245,-1207,-1129,-1057,-1073,-1033,-1154,-1113,-29983,-29984,-29984,-29985,-29985,-29986,-29986,-29987,-29987,-29987]} 1. d4 Nf6 2. Bg5 Ne4 3. Bf4 d5 4. f3 Nf6 5. e4 dxe4 6. Nc3 exf3 7. Nxf3 c6 {A45: Trompowsky Attack} (7... g6 8. Bc4 Bg7 9. O-O O-O 10. Qd2 c5 11. d5 Nbd7 12. Rae1 Nb6 13. b3 Nxc4 14. bxc4 Bf5 15. h3 {0-1 (45) Sokolov,I (2615)-Hellers,F (2585) Malmo 1997}) 8. Bc4 Bf5 9. Ne5 (9. g4 $11 Nxg4 10. Qe2) 9... e6 $15 {Black is slightly better.} 10. O-O {Threatening Nxf7.} Nbd7 $146 ({Predecessor:} 10... Be7 11. g4 Bg6 12. h4 Nxg4 13. Nxg4 Bxh4 14. Ne5 Nd7 15. Nxg6 hxg6 {0-1 (42) Panko,R (2049)-Istok,V (1971) Banska Stiavnica 2018}) 11. Qe2 Nxe5 (11... Nb6 {is more complex.} 12. Bg3 Bg6 13. a4 Bh5 14. Qd3 Nxc4 15. Qxc4 Be7) 12. Bxe5 {Black must now prevent Rxf5!} Be7 13. Bxf6 gxf6 14. d5 (14. Rxf5 $17 {was called for.} exf5 15. Rd1) 14... cxd5 $19 15. Bb5+ Kf8 16. Rxf5 exf5 17. Rd1 d4 (17... Qb6+ $142 18. Kh1 Rd8 19. Nxd5 Qe6) 18. Bc4 (18. Qh5 $17 {was necessary.}) 18... Bc5 19. Kf1 $2 (19. Kh1 Qe8 20. Qxe8+ Rxe8 21. Ne2) 19... Qe7 (19... Qc7 $142 20. Nd5 Qxh2) 20. Qxe7+ Kxe7 21. Nd5+ Kf8 22. Nxf6 {intending Nd7+.} Rd8 23. h3 h5 24. Be2 (24. a4 {is a better defense.}) 24... h4 25. Bf3 Rh6 26. Nd5 Rhd6 27. Nf4 Ra6 28. a3 Rb6 29. b4 Be7 30. Nd5 Ra6 31. Rd3 Bg5 32. Ke2 Rd7 33. Kd1 Kg7 34. Ke2 Bf6 35. Nxf6 Kxf6 {[%mdl 4096] Endgame KRR-KRB} ({Weaker is} 35... Rxf6 36. c4 $19) 36. c4 Re6+ 37. Kd2 {[#]} Re3 $1 38. c5 (38. Rxe3 dxe3+) 38... Rxd3+ 39. Kxd3 {KR-KB} a6 40. a4 Ke5 41. a5 $2 (41. b5 Rc7 42. Kc4 axb5+ 43. axb5) 41... Kf4 42. Bd1 f6 43. Be2 Ke5 44. Bf3 Rg7 45. Kc2 Ke6 46. Kd3 Rd7 47. Bd1 Ke5 48. Bf3 Kf4 (48... f4 $142 49. Bd1 Rg7) 49. Be2 $1 Kg3 50. Bf3 f4 51. Be4 {[#]} f5 $1 52. Bxf5 Re7 53. Be4 {[#]} Rxe4 $1 {[%mdl 512] Black mates.} 54. Kxe4 d3 $1 {[%cal Rd3d2]} 55. Kxd3 Kxg2 56. b5 f3 57. c6 bxc6 {Accuracy: White = 30%, Black = 74%.} 0-1

[Event "XXXI Torre Memorial 2019"]
[Site "Merida"]
[Date "2019.12.17"]
[Round "8.13"]
[White "Fernandez Cardoso, Alexey"]
[Black "Morales Romero, Pedro"]
[Result "1-0"]
[WhiteElo "2441"]
[BlackElo "2328"]
[Annotator "TA"]
[PlyCount "57"]
[EventDate "2019.12.13"]
[EventType "swiss"]
[EventCountry "MEX"]
[SourceTitle "playchess.com"]
[Source "ChessBase"]
[SourceQuality "1"]

{[%evp 9,57,31,35,15,15,17,46,37,17,27,116,100,141,66,156,150,141,142,156,137,162,24,27,16,22,0,0,0,0,-119,0,0,0,-77,35,27,81,70,102,90,84,85,502,507,525,494,514,494,29995,137]} 1. e4 c5 2. Nf3 a6 3. Nc3 e6 4. d4 cxd4 5. Nxd4 Bb4 6. Bd3 {B43: Sicilian: Kan Variation: 5 Nc3} d6 7. O-O Bxc3 (7... Nf6 8. Nce2 Bc5 9. Kh1 b5 10. a4 b4 11. Nb3 Ba7 12. Bg5 Nc6 13. f4 h6 14. Bxf6 Qxf6 {1-0 (31) Grigoryan,K (2571)-Aranda Marin,C (2316) Roquetas de Mar 2017}) 8. bxc3 {White is slightly better.} Nf6 9. f4 Nbd7 $146 (9... e5 $1 $11) ({Predecessor:} 9... Qc7 10. Qe1 O-O 11. e5 dxe5 12. fxe5 Nd5 13. Rf3 g6 14. Bh6 Nd7 15. Bxf8 Kxf8 16. Nxe6+ {1-0 (16) Neil,J (1567)-Metcalfe,W England 2014}) 10. Qe1 $16 Qc7 11. Ba3 (11. e5 $1 $16) 11... b6 (11... O-O $14) 12. e5 $1 dxe5 13. fxe5 Qxe5 14. Qh4 Qh5 15. Qf2 (15. Qf4 $18 Qe5 16. Qh4) 15... Bb7 $1 $11 16. Rab1 O-O-O 17. Bd6 {Hoping for Nf5!} Qd5 $1 {[%cal Rd5d6]} 18. Bg3 h5 19. h3 (19. Nf3 $11) 19... g5 (19... h4 $1 $17 {[%cal Rh4g3]} 20. Bh2 g5) 20. c4 $40 {[%mdl 128] Black needs to defend precisely.} Qc5 {Threatens to win with ...h4.} 21. Nf3 (21. Nb3 $1 $11 {keeps the balance.} Qxf2+ 22. Bxf2) 21... Rdg8 ({Black should play} 21... Rhg8 $1 $17 {And now ...g4 would win.} 22. Ne1 Qxf2+ 23. Bxf2 Rdf8) 22. Qxc5+ $14 bxc5 (22... Nxc5 $11 {remains equal.} 23. Ne5 (23. Rxb6 Nfd7 $17) 23... Nfe4) 23. Ne5 $1 $16 {[%cal Re5f7]} Rg7 24. Rb3 $1 h4 25. Rfb1 $1 {Strongly threatening Nxd7.} Ba8 $2 {[%mdl 8192]} ({Don't blunder} 25... Bxg2 $2 26. Nxd7 Nxd7 27. Rb8+ $1 {[%mdl 512]} Nxb8 28. Rxb8+ Kd7 29. Rxh8 $18) (25... hxg3 $16 {is more resistant.} 26. Rxb7 g4) 26. Nxd7 $18 Kxd7 27. Be5 Ke7 {[#]} 28. Rb7+ $1 {[%mdl 512]} Ke8 {[#]} (28... Bxb7 $18 29. Rxb7+ Nd7) 29. R7b5 $2 {Accuracy: White = 56%, Black = 35%.} (29. Rc7 $1 {[%mdl 512] mates} Nd7 {[#]} 30. Bf6 $1 {[%mdl 576] Skewer} Nb6 31. Rxb6 Bb7 32. Rbxb7 Rh6 33. Rc8#) 1-0

[Event "XXXI Torre Memorial 2019"]
[Site "Merida"]
[Date "2019.12.17"]
[Round "8.14"]
[White "Martin Del Campo C., Roberto"]
[Black "Vera Gonzalez-Quevedo, Reynaldo"]
[Result "0-1"]
[WhiteElo "2314"]
[BlackElo "2436"]
[Annotator "TA"]
[PlyCount "68"]
[EventDate "2019.12.13"]
[EventType "swiss"]
[EventCountry "MEX"]
[SourceTitle "playchess.com"]
[Source "ChessBase"]
[SourceQuality "1"]

{[%evp 18,68,43,41,48,41,51,38,43,37,45,35,39,38,41,38,43,39,47,0,49,38,51,51,70,71,82,22,32,0,0,0,0,0,0,-4,-3,-194,-212,-241,-280,-249,-235,-217,-218,-219,-220,-545,-558,-551,-518,-29996,-29997]} 1. e4 c5 2. Nf3 d6 3. Bb5+ Nd7 4. O-O Ngf6 5. Re1 a6 6. Bf1 b6 7. c4 Bb7 8. Nc3 e6 9. d4 cxd4 10. Nxd4 Be7 {B51: Sicilian: Moscow Variation (3 Bb5+) without 3...Bd7} 11. f3 O-O 12. Be3 Rc8 {White is slightly better.} 13. Rc1 Qc7 14. Qd2 Rfe8 15. b3 Qb8 16. Red1 (16. Kh1 Bd8 17. Bg1 Bc7 18. Nc2 {1-0 (76) Areshchenko,A (2652)-Demchenko,A (2645) Tbilisi 2017}) 16... Bd8 17. Kh1 Bc7 18. Bg1 Kh8 $146 ({Predecessor:} 18... Ne5 19. Na4 d5 20. exd5 exd5 21. c5 b5 22. Nb2 Nc6 23. Nd3 Nxd4 24. Bxd4 {0-1 (47) Sardana,R (2403)-Sidhant,M (2259) Abu Dhabi 2016}) 19. Qf2 Rg8 20. h3 g5 21. Bh2 Rg6 22. Nde2 (22. b4 $16) 22... h5 23. Qd4 {[%cal Rh2d6]} g4 24. Bxd6 gxf3 25. gxf3 Rcg8 $1 26. Bxc7 Qxc7 27. Qd6 $2 (27. Rd3 $11 {and White is okay.}) 27... Qxd6 $1 $19 28. Rxd6 {[#]} Ne5 $1 {[%cal Re5f3]} 29. Nd4 {[#]} Nxf3 $1 {[%mdl 512]} 30. Nxf3 Nxe4 31. Nxe4 Bxe4 $40 {[%mdl 128] Black attacks with force.} 32. Kh2 $2 (32. Rd3 Rg3 33. Re3 Bxf3+ 34. Kh2) 32... Bxf3 33. Rc3 Ba8 {( -> ...Rg1)} 34. Rxb6 (34. c5 $19 Rg1 35. c6 Rxf1 36. Rc2) 34... Rg1 {Accuracy: White = 28%, Black = 64%.} 0-1

[Event "XXXI Torre Memorial 2019"]
[Site "Merida"]
[Date "2019.12.17"]
[Round "8.15"]
[White "Garcia Matos, Richard Alejandro"]
[Black "Fernandez Guillen, Ernesto J."]
[Result "1/2-1/2"]
[WhiteElo "2330"]
[BlackElo "2407"]
[Annotator "TA"]
[PlyCount "122"]
[EventDate "2019.12.13"]
[EventType "swiss"]
[EventCountry "MEX"]
[SourceTitle "playchess.com"]
[Source "ChessBase"]
[SourceQuality "1"]

{[%evp 19,122,39,33,22,41,41,42,36,32,43,76,22,15,29,10,0,12,17,33,-25,-27,-32,27,0,23,12,22,0,16,16,23,33,33,16,5,-8,47,50,44,56,52,20,150,141,143,96,121,60,69,65,51,37,136,152,176,149,149,148,154,157,157,156,156,154,153,135,138,122,160,160,189,160,160,160,188,160,160,160,160,160,160,160,160,160,152,74,74,78,81,54,83,83,81,74,104,68,120,68,135,0,128,0,125,0,68]} 1. e4 c5 2. Nf3 d6 3. Bb5+ Nd7 4. d4 cxd4 5. Qxd4 e5 6. Qd3 a6 7. Bxd7+ Bxd7 8. c4 h6 9. Nc3 Nf6 10. O-O Be7 11. Nd2 $146 {B51: Sicilian: Moscow Variation (3 Bb5+) without 3...Bd7} ({Predecessor:} 11. a4 O-O 12. b3 Be6 13. Be3 Ng4 14. Rfd1 Nxe3 15. Qxe3 Rc8 16. Nxe5 Bg5 17. f4 Bxf4 18. Qxf4 dxe5 19. Rxd8 exf4 20. Rxc8 Rxc8 {½-½ (32) Anand,V (2779)-Topalov,V (2760) Saint Louis 2016}) 11... Rc8 12. b3 Qa5 13. Bb2 {White is slightly better.} b5 14. a4 b4 15. Nd1 (15. Nd5 $16) 15... O-O $11 16. Ne3 Be6 17. f4 exf4 18. Rxf4 Nd7 19. Kh1 (19. Nf3 $14) 19... Bg5 20. Rff1 Ne5 (20... Nc5 $15 21. Qe2 (21. Qd4 f6 $15) 21... Rfe8) 21. Qe2 (21. Bxe5 $5 dxe5 22. Nd5 $11) 21... Qb6 22. Rae1 Qb7 23. Nf5 Bxf5 24. exf5 {Hoping for Ne4.} Bxd2 25. Qxd2 {[#] aiming for f6.} f6 $1 26. Rd1 Nf7 27. Rf4 Qd7 (27... Rfe8 $11) 28. Qxb4 $14 Rb8 29. Qc3 Qb7 30. Rg4 Ne5 (30... Ng5 $1 $11) 31. Rg3 $36 {[%mdl 2048] White is on the roll.} Qe4 32. Rf1 Qe2 {[%cal Re2f1] [#]} 33. Re1 (33. Kg1 $1 $16) 33... Qf2 $14 {...Rxb3! is the strong threat.} 34. Qc1 Qxf5 35. Qxh6 {[%csl Gh6][%cal Rg3g7]} Rf7 (35... Ng4 $1 $14 36. Qc1 Nf2+ 37. Kg1 Nd3) 36. Qd2 $16 Qe6 37. Ba3 Rd7 38. Rd1 Rbd8 {intending ...d5.} 39. Qd5 Qxd5 40. Rxd5 ({Resist} 40. cxd5 Kf7 $16) 40... Kf7 41. h3 Ke6 42. Kg1 Rb8 43. Re3 g5 44. Kf2 Rbb7 45. a5 Rb8 46. Ke2 Rbb7 47. g4 Rb8 48. Kd1 Rc8 49. Kc2 Rc6 50. Bb2 Rh7 51. Bd4 Rhc7 {next ...Rxc4+ is good for Black.} 52. Bxe5 (52. Kb2 $142) 52... fxe5 {[%mdl 4096] Endgame KRR-KRR} 53. Kc3 Rf7 54. Rdd3 Rf4 55. Rd2 Rc5 56. Red3 Rc6 57. Kb4 Rf1 ({Black should try} 57... Ke7 $14) 58. Rd1 (58. Rh2 $16) 58... Rf2 ({Better is} 58... Rf4 $14) 59. R1d2 Rf1 $1 60. Rd1 ({White should play} 60. Rh2 $16) 60... Rf8 (60... Rf2 $1 $11) 61. R1d2 (61. Rh1 $16) 61... Rf4 {Accuracy: White = 30%, Black = 51%.} (61... Rf1 $1 $11) 1/2-1/2

[Event "XXXI Torre Memorial 2019"]
[Site "Merida"]
[Date "2019.12.17"]
[Round "8.16"]
[White "Vitier Vazquez, Cristian"]
[Black "Medina Diaz, Rafael Alejandro"]
[Result "1-0"]
[WhiteElo "2405"]
[BlackElo "2327"]
[Annotator "TA"]
[PlyCount "147"]
[EventDate "2019.12.13"]
[EventType "swiss"]
[EventCountry "MEX"]
[SourceTitle "playchess.com"]
[Source "ChessBase"]
[SourceQuality "1"]

{[%evp 11,147,14,16,16,12,13,14,13,21,18,27,25,35,36,34,37,35,29,44,31,47,43,68,30,31,31,31,28,27,29,72,81,64,62,71,68,91,91,99,93,114,113,139,129,167,100,108,86,203,204,204,187,183,163,216,219,219,219,264,219,261,208,398,289,287,270,404,268,321,297,407,465,461,464,430,406,452,416,705,771,781,763,742,731,1318,1251,1618,1610,1476,835,1311,1333,1510,1075,1318,1212,1092,1068,1050,1008,887,849,845,843,1820,1717,1195,1299,2668,2701,2053,593,1133,0,2772,2256,2775,2657,2078,2120,1845,1660,2494,2307,29982,29983,29990,29991,29991,29992,29992,29993,29993,29994,29994,29995,29995,29996]} 1. d4 d5 2. c4 c6 3. Nc3 Nf6 4. cxd5 cxd5 5. Bf4 Nc6 6. e3 Bg4 7. Qb3 {D10: Slav Defence: 3 cxd5 (without early Nf3) and 3 Nc3} Na5 8. Qa4+ Bd7 9. Qc2 {With the idea Nb5.The position is equal.} Rc8 (9... e6 10. Nf3 Be7 11. Bd3 Nc6 12. Qe2 Nh5 13. Be5 f6 14. Bg3 f5 15. Nd2 g6 {½-½ (29) Aronian,L (2756)-Yu,Y (2736) Riga 2019}) 10. Bd3 Nc6 11. a3 e6 12. Nf3 Be7 13. h3 O-O 14. O-O h6 15. Qe2 Nh5 $146 ({Predecessor:} 15... Be8) 16. Bh2 f5 17. Ne5 (17. Na4 {looks sharper.} Nf6 18. b4 Be8 19. Rfc1 Bh5 20. Nc5) 17... Nxe5 18. dxe5 g6 19. Qd2 a6 20. Ne2 b5 21. Kh1 Ng7 22. Nd4 Qb6 23. b4 Rc7 24. g4 Be8 25. Rg1 f4 26. Rac1 {aiming for Rxc7.} Rxc1 27. Rxc1 Bg5 {Hoping for ...fxe3.} 28. Be2 ({White should try} 28. Bb1 $18) 28... fxe3 $16 29. fxe3 Rf7 (29... Qb8 $16 {was called for.}) 30. Bf4 $18 Bxf4 31. exf4 Rc7 {And now ...Rxc1+ would win.} 32. Rc3 Qa7 (32... Ra7 $142 33. Rc5 h5 34. gxh5 gxh5) 33. Kg2 Bf7 34. Qc1 Ne8 35. Rxc7 Nxc7 36. Qc3 Kf8 $2 (36... Ne8 37. Bd3 Qb6) 37. Bd3 Qb6 38. Nb3 Ke7 (38... Qe3 $142 39. Qc5+ (39. Qxc7 Qxd3 40. Qd8+ Kg7 $11) 39... Qxc5 40. Nxc5 (40. bxc5 Ke8 $16) 40... Ke7) 39. Qc5+ Qxc5 40. Nxc5 {[%mdl 4096] Endgame KBN-KBN} ({Weaker is} 40. bxc5 Kd7 $16) 40... g5 41. fxg5 hxg5 42. Kf3 Be8 43. Ke3 Bd7 44. Kd4 Bc8 (44... Na8 $142 45. Nxa6 Nb6) 45. Nb3 Na8 46. Nd2 Nb6 47. Nf3 Nc4 48. Bxc4 dxc4 49. Nxg5 {KB-KN} Bb7 50. Nh7 Kf7 51. h4 Bc6 52. h5 Kg7 53. Ng5 Bd5 54. Ke3 Kh6 55. Nh3 Bc6 56. Nf4 Bd7 57. Ng6 Kg7 58. g5 Be8 59. Nf4 Bf7 60. Kd4 Bg8 {[#]} 61. Kc5 (61. a4 $142 $1 {[%mdl 512]} bxa4 62. Kxc4) 61... Bf7 62. Kd4 (62. g6 $142) 62... Bg8 {[#]} 63. a4 $1 {[%cal Ba3a4,Ba4a5][%mdl 544]} Bf7 (63... bxa4 64. Kxc4) 64. a5 Bg8 65. Kc5 Bf7 66. Kb6 c3 67. g6 c2 {[#]} 68. h6+ $1 {[%mdl 512] White mates.} Kf8 (68... Kxh6 69. gxf7) 69. h7 c1=Q 70. h8=Q+ Bg8 71. Nxe6+ Ke7 72. Qf6+ ({Not} 72. Qxg8 Qc6+ 73. Kxc6 $11 (73. Ka7 Qd7+ 74. Kb6 Qc6+ 75. Ka7 Qd7+ 76. Kb8 Qc8+ 77. Qxc8 $11)) 72... Kd7 73. Nc5+ {[%mdl 64] Double Attack} Ke8 74. g7 {Accuracy: White = 81%, Black = 35%.} 1-0

[Event "XXXI Torre Memorial 2019"]
[Site "Merida"]
[Date "2019.12.17"]
[Round "8.17"]
[White "Lopez Gonzalez, Abel Fabian"]
[Black "Dieguez Alvarez, Mario Enrique"]
[Result "1/2-1/2"]
[WhiteElo "2379"]
[BlackElo "2304"]
[Annotator "TA"]
[PlyCount "27"]
[EventDate "2019.12.13"]
[EventType "swiss"]
[EventCountry "MEX"]
[SourceTitle "playchess.com"]
[Source "ChessBase"]
[SourceQuality "1"]

{[%evp 9,27,23,9,12,61,61,56,40,77,18,30,29,23,17,24,2,8,0,9,3]} 1. d4 Nf6 2. c4 c5 3. d5 b5 4. Qc2 bxc4 5. e4 e6 (5... d6 6. Bxc4 g6 7. Nc3 Bg7 8. Nf3 Nbd7 9. h3 O-O 10. O-O Rb8 11. Re1 Nh5 12. Be2 Ne5 13. Nxe5 Bxe5 14. Bxh5 gxh5 15. Bh6 Re8 16. Qd2 Kh8 17. Bf4 Bd4 18. Be3 {0-1 (63) Dreev,A (2644)-Perunovic,M (2622) Berlin 2015}) 6. Nc3 {A57: Benko/Volga Gambit} Bb7 {[%cal Re6d5]} 7. Bxc4 exd5 8. exd5 {White is slightly better.} d6 9. Nf3 ({White should try} 9. Nge2 $16) 9... Be7 $11 10. O-O O-O 11. Re1 Nbd7 12. Qe2 Re8 13. Qd3 $146 ({Predecessor:} 13. Bg5) 13... Bf8 14. Rxe8 {Accuracy: White = 50%, Black = 69%.} 1/2-1/2

[Event "XXXI Torre Memorial 2019"]
[Site "Merida"]
[Date "2019.12.17"]
[Round "8.18"]
[White "Noboa Silva, Kevin"]
[Black "Elias Reyes, Jorge Roberto"]
[Result "1/2-1/2"]
[WhiteElo "2306"]
[BlackElo "2379"]
[Annotator "TA"]
[PlyCount "122"]
[EventDate "2019.12.13"]
[EventType "swiss"]
[EventCountry "MEX"]
[SourceTitle "playchess.com"]
[Source "ChessBase"]
[SourceQuality "1"]

{[%evp 9,122,21,23,19,21,16,11,0,0,0,0,0,0,0,0,0,0,0,0,-25,-32,-28,0,-37,-32,-191,-179,-182,-191,-268,-277,-300,-301,-291,-290,-399,-400,-460,-441,-462,-446,-421,-407,-511,-512,-463,-287,-718,-201,-191,-173,-196,-194,-332,-329,-359,-350,-364,-356,-341,-326,-506,-508,-492,-481,-419,-288,-466,-296,-301,-266,-249,-216,-215,-217,-178,-146,-257,-35,-33,-31,-167,0,0,0,-43,0,0,15,0,0,0,0,0,20,0,0,0,0,0,0,0,0,0,0,0,0,0,0,0,0,0,0,0,0]} 1. d4 Nf6 2. c4 c5 3. d5 b5 4. Qc2 bxc4 5. e4 e6 (5... d6 6. Bxc4 g6 7. Nc3 Bg7 8. Nf3 Nbd7 9. h3 O-O 10. O-O Rb8 11. Re1 Nh5 12. Be2 Ne5 13. Nxe5 Bxe5 14. Bxh5 gxh5 15. Bh6 Re8 16. Qd2 Kh8 17. Bf4 Bd4 18. Be3 {0-1 (63) Dreev,A (2644)-Perunovic,M (2622) Berlin 2015}) 6. Bxc4 {A57: Benko/Volga Gambit} exd5 7. exd5 d6 8. Ne2 Nbd7 9. O-O Be7 10. Nbc3 O-O 11. Ng3 Nb6 12. b3 Nxc4 $146 ({Predecessor:} 12... Ng4 13. Bb2 {½-½ (52) Groffen,H (2168)-Geirnaert,S (2352) Zwijndrecht 2010}) 13. bxc4 Ng4 14. Bb2 f5 15. Nh5 f4 16. Ne2 g5 17. h4 $2 (17. Rae1 $15) 17... Ne5 $19 18. hxg5 Bxg5 19. Bc1 (19. Rae1 {was worth a try.}) 19... f3 20. Neg3 Bg4 (20... fxg2 21. Kxg2 Bxc1 22. Raxc1 $17) 21. Re1 fxg2 22. Bb2 Qe8 23. Bxe5 dxe5 24. f4 Bxf4 ({Weaker is} 24... Bxh5 25. Rxe5 Bg6 26. Rxe8 $14 (26. Rxg5 Qe3+ 27. Kxg2 Rxf4 $11)) 25. Nxf4 Rxf4 26. Qxg2 Bf3 27. Qh3 e4 28. Rab1 $2 (28. Qe6+ Qxe6 29. dxe6) 28... Qe5 $2 (28... Rg4 29. Rb5 Qe5) 29. Qe6+ Qxe6 30. dxe6 Re8 31. Kf2 (31. Rb5 $142) 31... Bg4+ (31... Rxe6 32. Ke3 $17) 32. Kg1 Rxe6 ({Less strong is} 32... Bxe6 33. Nxe4 Kh8 34. Ng3 $19) 33. Rb8+ Kg7 34. Rb7+ Kh6 35. Re3 (35. Rc7 $142) 35... Bf3 36. Kf2 Ra6 37. a3 Kg6 38. Rc7 $2 (38. Nf1) 38... h5 39. Rxc5 h4 40. Ne2 Rf8 41. Nd4 h3 {[#] Strongly threatening ...h2.} 42. Kg3 Bg2 43. Kh2 (43. Rd5 $17) 43... Raf6 $2 (43... Rf2 $19 44. Re2 Raf6) 44. Rg3+ $15 Kh6 45. Rcg5 (45. Rg4 $15) 45... Bf3 $2 ({Better is} 45... Bf1 $19 46. Re5 Rf2+ 47. Kh1 e3 48. Rgxe3 Rd8) 46. Re5 Bg2 47. Rgg5 {[#] aiming for Rh5+.} Bf3 48. Kxh3 {The position is equal.} e3 49. Nxf3 Rxf3+ 50. Rg3 Rxg3+ 51. Kxg3 $11 {[%mdl 4096] Endgame KR-KR} Rc8 52. c5 {Hoping for Kf3.} Kg6 53. Kf3 Kf6 54. Rh5 Re8 {And now ...e2 would win.} 55. Ke2 Re5 56. Rh6+ Ke7 57. Ra6 Rxc5 58. Rxa7+ Kd6 59. Kxe3 Kc6 60. Kd4 Kb6 61. Rh7 Rc1 {Accuracy: White = 42%, Black = 71%.} 1/2-1/2